| 000 | 08102namaa22004571i 4500 | ||
|---|---|---|---|
| 003 | EG-GICUC | ||
| 005 | 20260423155122.0 | ||
| 008 | 260423s2025 ua a|||frm||| 000 0 eng d | ||
| 040 |
_aEG-GICUC _beng _cEG-GICUC _dEG-GICUC _erda |
||
| 041 | 0 |
_aeng _beng _bara |
|
| 049 | _aDeposit | ||
| 082 | 0 | 4 | _a636.0821 |
| 092 |
_a636.0821 _221 |
||
| 097 | _aPh.D | ||
| 099 | _aCai01.16.03.Ph.D.2025.Da.P | ||
| 100 | 0 |
_aDalia Abdel Hamid Zaky Ibrahim Mekawy, _epreparation. |
|
| 245 | 1 | 0 |
_aPhysiological responses for the fall armyworm (FAW) invasive from sudan to Egypt as a result of exposure to extreames temperatures / _cby Dalia Abdel Hamid Zaky Ibrahim Mekawy ; Supervision Prof. Dr. Wafai Z. A. Mikhail, Prof. Dr. Hassan Farag, Prof. Dr. Hassan M. Sobhy, Prof. Dr. Sahar Hussein Hekal. |
| 246 | 1 | 5 | _aالاستجابات الفسيولوجية لدودة الحشد الخريفية الغازية لمصر من السودان والناتجة عن التعرض لدرجات الحرارة المتطرفة |
| 264 | 0 | _c2025. | |
| 300 |
_a80 pages : _billustrations ; _c25 cm. + _eCD. |
||
| 336 |
_atext _2rda content |
||
| 337 |
_aUnmediated _2rdamedia |
||
| 338 |
_avolume _2rdacarrier |
||
| 502 | _aThesis (M.Sc)-Cairo University, 2023. | ||
| 504 | _aBibliography: pages 65-80. | ||
| 520 | 3 | _aFall armyworm Spodoptera frugiperda Order : Lepidoptera Family : Noctuidae is one of the invasive pests that came to Egypt in 2019 from southern Africa coming from Sudan after it invaded most African countries. The present study examined biological and biochemical of fall armyworm as a key step within the Integrated Pest Management of fall armyworm control (IPM) programme. Biological studies was effect of optimum temperature 27°C on the biological aspects of FAW included both egg stage - larval stage - pupal stage – adult stage. For biochemical studies included: effect of 6 constant temperatures of 15, 20, 25, 30, 35, 40 °C on the main components, digestive enzymes, and transaction enzymes. Additional to effect of constant temperatures on carboxyl estrerase and free amino acid. Finally, effect of constant temperatures on alkaline phosphatase alpha esterase. The incubation period, larval duration, pupal duration and pre oviposition period were 3.03, 21.37, 8.85 and 2.6 days, respectively, on the other hand the compelet devolpment of S. frugiperda generation was 35.85 days under consant condition 27°C . the main components (total protein and total lipids) were increase in hemolymph during the devopment of 4 th instar larvae by exposure to different regimes constant temperatures from 15 to 40 °C while total carbohydrate was decreas until 35 °C , the digestive enzyme (lipase , protease) were increase while amylase was decreas until 35 °C , transaminase enzyme ( GOT - GPT - GST) GOT, GST were increase while GPT was decreas from 15 to 40 °C and Carboxyl esterase, Free amino acids, Alkaline phosphates and Alpha esterase were decreas. Finally Studying the effect of temperature on the fall armyworm is a necessary scientific basis for understanding its biological behavior in the Egyptian environment and for developing effective and sustainable strategies to reduce its damage to food security. all this data can help for IPM Stratigy. | |
| 520 | 3 | _aتعتبر دودة الحشد الخريفية من الآفات الغازية التي جاءت إلي مصر في عام 2019 من الجنوب الافريقي قادمه من السودان بعد ان غزت معظم الدول الإفريقية والتى هاجمتها ابتداءا من عام 2016 في دولة جنوب افريقيا ونيجيريا وجاءت الي الجنوب الإفريقي من موطنها الأصلي الأمريكتين مع الشحنات التجارية حسب تقرير منظمة الأغذية والزراعة العالمية ( الفاو) .وفي نهاية عام 2020 انتشرت الآفة في جميع محافظات جمهورية مصر العربية. تناولت الدراسة الحالية الدراسات البيولوجية والكيموحيوية لدودة الحشد الخريفية كخطوة أساسية ضمن برنامج الإدارة المتكاملة لمكافحه دودة الحشد الخريفية. 1. الدراسات البيولوجيه: وشملت تأثير درجة الحرارة المثلي 27° م على المظاهر البيولوجية لدودة الحشد الخريفية لكلا من طور البيضة - طور اليرقة - طور العذراء - طور الحشرة الكاملة . 2. الدراسات الكيموحيوية: وشملت الدراسة : • تأثير 6 من درجات الحرارة الثابتة 15, 20, 25, 30, 35, 40 ° م على المكونات الاساسية (البروتينات – الكربوهيدرات – اللبيدات الكلية ). • تأثير درجات الحرارة الثابتة علي مستوي نشاط انزيمات الهضم ( الليبيز- البروتيز – الاميليز). • تأثير درجات الحرارة الثابتة علي مستوي نشاط انزيمات الايض(- GOT GPT -GST ) • تأثير درجات الحرارة الثابتة علي الكربوكسيل استريز والاحماض الامينية الحرة. • تأثير درجات الحرارة الثابتة والمختلفة علي الكالين فوسفاتيزو الفا استريز. وقد بلغت فترة حضانة البيض ، مدة الطور اليرقي ، مدة طور العذراء ، فترة ما قبل وضع البيض 3.03 ، 21.37 ، 8.85 ، 2.60 يوم على التوالي وعلي الجانب الأخر بلغت مدة الجيل الكامل 35.85 يوم معمليا علي درجة حرارة 27 ° م. أما الدراسات الكيموحيوية • فقد سجل كلا من البروتينات واللبيدات الكلية زيادة في هيموليمف يرقات العمر الرابع لدودة الحشد الخريفية بزيادة درجة الحرارة من 15 ،20،25،30،35 ،40 ° م بينما سجل مستوي الكربوهيدرات الكلية انخفاضا حتي درجة حرارة 35 ° م بزيادة درجة الحرارة ، ثم عادوت الارتفاع في درجة حرارة 40° م. • سجل نشاط انزيم الليبيز والبروتيز زيادة تدريجية بزيادة درجة الحرارة بينما حدث لانزيم الاميليز وهو أحد الانزيمات المحللة للكربوهيدرات انخفاضا حتي درجة حرارة 35 ° م ثم عاود الارتفاع مرة أخري مع درجة حرارة 40° م. • وجد أيضا أن سجل مستوي نشاط انزيمات الايض ( (GOT-GPT-GSTزيادة عن درجة حرارة 15 °م بينما سجل نشاط انزيمات كلا من الكربوكسيل استريز والالكالين فوسفاتيز والالفا استريز والاحماض الامينية الحرة انخفاضا في درجة حرارة 15° م. | |
| 530 | _aIssues also as CD. | ||
| 546 | _aText in English and abstract in Arabic & English. | ||
| 650 | 0 | _aNatural Resources | |
| 650 | 0 | _aموارد حيوانية | |
| 653 | 1 |
_aFall armyworm _aSpodoptera _afrugiperda _aconstant _atemperatures _abiochemical _aدودة الحشد الخريفية _aدرجة الحرارة الثابتة |
|
| 700 | 0 |
_aWafai Z. A. Mikhail _ethesis advisor. |
|
| 700 | 0 |
_aHassan Farag _ethesis advisor. |
|
| 700 | 0 |
_aHassan M. Sobhy _ethesis advisor. |
|
| 700 | 0 |
_aSahar Hussein Hekal _ethesis advisor. |
|
| 900 |
_b01-01-2025 _cWafai Z. A. Mikhail _cHassan Farag _cHassan M. Sobhy _cSahar Hussein Hekal _UCairo University _FFaculty of Africa Postgraduate Studies _DDepartment of Natural Resources |
||
| 905 | _aShimaa | ||
| 942 |
_2ddc _cTH _e21 _n0 |
||
| 999 | _c179704 | ||